| 000 | 00464nam a2200181Ia 4500 | ||
|---|---|---|---|
| 001 | 3242 | ||
| 005 | 20260306144906.0 | ||
| 008 | 260306t2018||||xx |||||||||||||| ||spa|| | ||
| 041 | _aESP | ||
| 082 |
_a262.91 _bF81G |
||
| 100 |
_aFrancisco, Papa _eAUT |
||
| 245 | 0 |
_aGaudete et exsultate: _bsobre el llamado a la santidad en el mundo actual |
|
| 260 | _c2018 | ||
| 300 |
_a106 páginas : _c20 cm. |
||
| 650 | _aGEN | ||
| 654 | _aCHU | ||
| 942 |
_cLIB _dJUS _fJUS _2ddc _n |
||
| 999 |
_c3242 _d3242 |
||